000
00274nam a22001097a 4500
008
240715b |||||||| |||| 00| 0 eng d
100
_a
Prabhu Das Bharamchari
_9
17021
245
_a
Bapu Darshan
260
_a
Ajmer:
_b
Sunder Sahitya Pub;
_c
1969.
300
_a
62p.
942
_c
BK
999
_c
40366
_d
40366